טוען...

Ente mayaroopiyaya bharthavu= My Phantom Husnabd/

מידע ביבליוגרפי
מחבר ראשי: Darrieussecq,Marie
מחברים אחרים: Cicy Jacob (Translator)
פורמט: Printed Book
שפה:Malayalam
נושאים:
LEADER 00758 a2200205 4500
008 130516b xxu||||| |||| 00| 0 mal d
020 |a 9788126430208 
082 |a 843.914D 
100 |a Darrieussecq,Marie 
245 |a Ente mayaroopiyaya bharthavu=  |c Marie Darrieussecq , Translated by Cicy Jacob.  |b My Phantom Husnabd/ 
300 |a 103p.  |c 21cm. 
500 |a Original title "My Phantom Husband." 
546 |a In Malayalam. 
650 |a French Fiction. 
700 |a Cicy Jacob.  |e Translator. 
942 |c BK 
246 |a My Phantom Husband/ 
600 |a Marie Darrieussecq   |d 1969- 
999 |c 98413  |d 98413 
952 |0 0  |1 0  |4 0  |6 843_000000000000000_914D_ENT_M  |7 0  |9 97851  |a UL  |b UL  |c ST1  |d 2013-01-31  |e 4  |g 45.50  |l 4  |o 843.914D ENT M  |p 88101  |r 2019-07-30  |s 2019-07-12  |v 65.00  |y BK